00614 2200229 4500001002100000005001500021035002000036007000300056008004100059020002200100082000800122084001400130100001400144245005900158250000800217260004900225300002500274700000600299990002700305990002700332990002500359INLIS00000000002061220180219102743 a0010-0218000527ta180219 g 0 ind  a978-602-03-3160-7 aFIK aFIK TER d0 aTere Liye1 aDaun yang Jatuh tak Pernah Membenci Angin /cTere Liye aXXV aJakarta :bPT. Gramedia Pustaka Utama,c2016 a264 halaman ;c20 cm0 a- a3676/Ban/Dinarpus/2017 a3677/Ban/Dinarpus/2017 a3685/B/DINARPUS/2017